000 00323nam a22001337a 4500
008 170606b xxu||||| |||| 00| 0 eng d
020 _a9780813390413
041 _aeng
080 _a94
100 _a18
101 _aSHH
245 _aRUSSIA IN THE NEW CENTURY STABILITY OR DISORDER
_cBONNELL.V.E
942 _2udc
_cBK
999 _c16079
_d16079